| 000 | 03174cam a2200481 i 4500 | ||
|---|---|---|---|
| 001 | 200468116 | ||
| 003 | TR-AnTOB | ||
| 005 | 20260414171121.0 | ||
| 007 | ta | ||
| 008 | 260414s1966 pau 000 f eng | ||
| 010 | _a 66012340 | ||
| 020 | _a9780397004188 | ||
| 020 | _a0397004184 | ||
| 035 | _a(CLU)2662470-ucladb-Voyager | ||
| 035 |
_a(OCoLC)01374466 _z(OCoLC)311976 _z(OCoLC)6719344 _z(OCoLC)13523063 _z(OCoLC)1054231175 _z(OCoLC)1166900209 _z(OCoLC)1166939998 |
||
| 035 | _a(OCoLC)ocm01374466 | ||
| 035 | _a(EXLNZ-01UCS_NETWORK)9912662412906531 | ||
| 035 | _a(TR-AnTOB)200468116 | ||
| 040 |
_aDLC _beng _erda _cDLC _dWVQ _dNLGGC _dBTCTA _dOCLCQ _dDEBBG _dOCLCO _dOCLCF _dOCLCQ _dSWW _dOCLCO _dLMR _dNZAUC _dOCLCO _dOCL _dCNUTO _dSFR _dOCLCQ _dQGE _dOCLCQ _dYT6 _dPAU _dOCLCQ _dGZN _dOCLCO _dUMK _dOCLCO _dCPO _dL2U _dOCLCO _dOCLCA _dOCLCQ _dOCLCO _dBCZ _dOCLCO _dSQ9 _dOCLCO _dCBA _dSUC _dSHC _dCCM _dOCLCO _dOCLCL _dOCLCQ _dIG# _dKPV _dOCLCO _dOCLCL _dTR-AnTOB |
||
| 041 | 0 | _aeng | |
| 043 | _an-us-ca | ||
| 050 | 0 | 4 |
_aPS3566.Y55 _bC7 1966 |
| 090 |
_aPS3566.Y55 _bC7 1966 |
||
| 100 | 1 |
_aPynchon, Thomas _eauthor _4aut _9153650 |
|
| 245 | 1 | 4 |
_aThe crying of lot 49 / _cby Thomas Pynchon. |
| 250 | _aFirst edition. | ||
| 264 | 1 |
_aPhiladelphia : _bJ.B. Lippincott Company, _c[1966] |
|
| 300 |
_a183 pages ; _c21 cm |
||
| 336 |
_atext _btxt _2rdacontent |
||
| 337 |
_aunmediated _bn _2rdamedia |
||
| 338 |
_avolume _bnc _2rdacarrier |
||
| 500 | _a"A portion of this novel was first published in Esquire magazine under the title: The world (this one), the flesh (Mrs. Oedipa Maas), and the testament of Pierce Inverarity. Another portion has appeared in Cavalier." | ||
| 520 | _aThis is considered a postmodernist novel. The protagonist is a woman named Oedipa Maas who, when the novel begins, learns that her former boyfriend, the wealthy Pierce Inverarity, has died and designated her to be the executor of his enormous estate. Inverarity's assets include vast stretches of property, a significant stamp collection, and many shares in an aerospace corporation called Yoyodyne. As Oedipa goes through her late boyfriend's will, aided by a lawyer named Metzger who works for Inverarity's law firm, she learns about a series of secret societies and strange groups of people involved in a sort of renegade postal system called Tristero. [She leaves her husband and heads for Southern California.] She starts seeing ubiquitous cryptic diagrams of a simple horn, a symbol with a seemingly infinite number of meanings. Every clue she uncovers about Tristero and the horn leads haphazardly to another, like a brainstorm, or a free association of ideas. --A.J. at Amazon.com. | ||
| 650 | 0 |
_aAdministration of estates _vFiction _9153665 |
|
| 650 | 0 |
_aMarried women _vFiction _95233 |
|
| 651 | 0 |
_aCalifornia _vFiction _984827 |
|
| 655 | 7 |
_aFiction _2lcgft _0http://id.loc.gov/authorities/genreForms/gf2014026339 _9151487 |
|
| 655 | 7 |
_aHumorous fiction _2lcgft _0http://id.loc.gov/authorities/genreForms/gf2014026377 _95235 |
|
| 655 | 7 |
_aSatirical literature _2lcgft _0http://id.loc.gov/authorities/genreForms/gf2014026525 _9153666 |
|
| 942 |
_2lcc _cBK |
||
| 999 |
_c200468116 _d86328 |
||